Nonparametric statistics for the behavioral sciences / (Registro nro. 57)

Detalles MARC
000 -CABECERA
Campo de control 00940cam a2200277 a 4500
005 - FECHA Y HORA DE LA ULTIMA TRANSACCION
Campo de control 20191224041509.0
008 - ELEMENTOS DE LONGITUD FIJA—INFORMACION GENERAL
Campo de control 940630s1988 us a r 00110 eng d
020 ## - ISBN
ISBN 0070573573
040 ## - FUENTE DE CATALOGACIÓN
Agencia catalogadora original la
Agencia transcriptora la
Agencia Modificadora CO-BoIAVH
041 0# - IDIOMA
Código de idioma para texto/pista de sonido o título separado Inglés
044 ## - PAÍS DE PUBLICACIÓN
País de publicación Estados Unidos
082 04 - NUMERO DE CLASIFICACION DECIMAL DEWEY
Número de clasificación 519.5
Número del ítem S57n
100 1# - ASIENTO PRINCIPAL--NOMBRE PERSONAL
Nombre personal Siegel, Sidney,
Fechas asociadas con el nombre 1916-1961
9 (RLIN) 51906
245 10 - MENCION DE TITULO
Título Nonparametric statistics for the behavioral sciences /
Mención de responsabilidad Sidney Siegel, N. John Castellan.
250 ## - MENCION DE EDICION
Mención de edición Seginda edición.
260 ## - PUBLICACION, DISTRIBUCION, ETC. (PIE DE IMPRENTA)
Lugar de publicación, distribución, etc. New York :
Nombre del editor, distribuidor, etc. McGraw Hill,
Fecha de publicación, distribución, etc. 1988.
300 ## - DESCRIPCION FISICA
Extensión xxiii, 399 p. :
Otros detalles físicos il., ;
Dimensiones 25 cm.
504 ## - NOTA DE BIBLIOGRAFIA, ETC.
Nota de bibliografía Incluye referencias bibliográficas e índice.
650 14 - ASIENTO SECUNDARIO DE MATERIA - TERMINO TEMATICO
Término temático o nombre geográfico como elemento de entrada Conducta (Psicología)
Subdivisión de forma Estadística.
9 (RLIN) 51907
650 24 - ASIENTO SECUNDARIO DE MATERIA - TERMINO TEMATICO
Término temático o nombre geográfico como elemento de entrada Psicometría
9 (RLIN) 51880
650 24 - ASIENTO SECUNDARIO DE MATERIA - TERMINO TEMATICO
Término temático o nombre geográfico como elemento de entrada Ciencias sociales
Subdivisión general Modelos matemáticos
9 (RLIN) 51908
650 24 - ASIENTO SECUNDARIO DE MATERIA - TERMINO TEMATICO
Término temático o nombre geográfico como elemento de entrada Estadística no paramétrica
9 (RLIN) 3550
700 1# - ASIENTO SECUNDARIO - NOMBRE PERSONAL
Nombre personal Castellan, N. John,
Fechas asociadas con el nombre 1939-,
Término de relación autor.
9 (RLIN) 51910
942 ## - ELEMENTOS ADICIONALES (KOHA)
Sistema de clasificación Dewey Decimal Classification
Tipo de ítem Libro
949 ## - LOCAL PROCESSING INFORMATION (OCLC)
a n
b n
Existencias
Withdrawn status Lost status Sistema de Clasificación Damaged status No para préstamo Colección Inventariado Ubicación Permanente Ubicación actual Fecha de adquisición Fuente de Valor Valor Total Checkouts Número topográfico Inventario / Código de Barras Date last seen Ejemplar Price effective from Forma de adquisición Tipo de material
    Dewey Decimal Classification     General Inventariado 2017 Bogotá Bogotá 16/12/1997 Amazon 45000.00   LB-519.5 S57n 000063 04/12/2012 Ej. 1 04/12/2012   Libro